000 01344cam a2200229 4500
001 ABS64831
008 011203n2001 000 0 eng u
035 _a(Sirsi) u115828
245 _aMcColl v Listing Officer
260 _c2001
490 _aRating Appeals
_v[2001] RA
520 _aQBD 3 September 2001. The appellant (M) appealed against two decisions of valuation tribunals regarding a flat and a house. It was held that the flat, comprising of two bedrooms, a kitchen/living room and bathroom/wc constituted a self contained unit within the meaning of of the Council Tax (Chargeable Dwellings) Order 1992. A second tribunal found that that the house was also a self-contained unit. The central issue was whether the property was two self contained units. The flat had a lockable door, but access to the flat was obtained via the hall, stairs and landing of the house. The flat was let to tenants. "Held", the appeal was dismissed because the valuation tribunals correctly decided that the house and the flat were two self contained units.
590 _aABS
650 _aCOUNCIL TAX
650 _aSELF CONTAINED UNITS
650 _aCOUNCIL TAX (CHARGEABLE DWELLINGS) ORDER 1992
650 _aHOUSING
650 _aFLATS
650 _aMCCOLL V LISTING OFFICER
690 _aRATING AND LOCAL TAXATION-CASE LAW
942 _n0
999 _c68997
_d68997